000 00420nam a22001577a 4500
999 _c5806
_d5806
003 TZ-ArACH
005 20200817213316.0
040 _cTZ-ArACH
050 _aKJV360
_b.B72 1970
100 _aBatiffol, Henri
245 _aDroit international privé, Tome I
260 _aParis:
_bLibrairie générale de droit et de jurisprudence;
_c1971.
300 _a459 p.
650 _aDroit international
_xPrivé
942 _2lcc
_cBOOK